000
00243nam a2200097Ia 4500
005
20251222114401.0
008
251222s1900||||xx |||||||||||||| ||spa||
082
_a
DVD0070/F75/2005
245
0
_a
Las uvas de la ira:The grapes of wrath
942
_c
DVD
999
_c
1652
_d
1652